新横浜線開通で出来る行先・消える行先 - Statistics

General Stats
  • This quiz has been taken 133 times
    127 since last reset
  • The average score is 15 of 27
Answer Stats
直通元 行先路線 新設行先 % Correct
東急線 相鉄本線直通 急行海老名
88%
相鉄本線 急行海老名
88%
東急線 相鉄いずみ野線直通 急行湘南台
87%
東急線 東急新横浜線直通 急行新横浜
83%
東急線 相鉄新横浜線直通 各駅停車西谷
76%
東急線 相鉄いずみ野線直通 各駅停車湘南台
76%
東急線 東急新横浜線直通 各駅停車新横浜
75%
東急線 相鉄新横浜線直通 急行西谷
75%
東急線 相鉄本線直通 急行大和
75%
東急線 相鉄本線直通 各駅停車海老名
75%
相鉄本線 急行大和
75%
JR線 相鉄本線直通 各駅停車大和
67%
相鉄本線 相鉄新横浜線直通 各駅停車羽沢横浜国大
63%
東急線 副都心線直通 急行新宿三丁目
57%
相鉄本線 急行横浜
55%
相鉄線 JR線直通 特急赤羽
42%
東急線 西武池袋線直通 急行飯能
39%
東急線 副都心線直通 通勤特急新宿三丁目
38%
副都心線 西武池袋線直通 急行保谷
36%
副都心線 西武池袋線直通 通勤急行飯能
34%
副都心線 西武池袋線直通 通勤急行清瀬
32%
副都心線 西武池袋線直通 通勤急行所沢
31%
副都心線 西武池袋線直通 通勤急行小手指
31%
東急線 副都心線直通 通勤特急池袋
30%
東急線 南北線直通 急行王子神谷
30%
東急線 東武東上線直通 通勤特急志木
28%
東急線 西武池袋線直通 通勤特急保谷
26%
No matching quizzes found
Score Distribution
Percent of People with Each Score
Percentile by Number Answered
Your Score History
You have not taken this quiz since the last reset